Catalog

Record Details

Catalog Search



The trapped girl  Cover Image Large Print Book Large Print Book

The trapped girl / Robert Dugoni.

Dugoni, Robert, (author.).

Summary:

"When a woman's body is discovered submerged in a crab pot in the chilly waters of Puget Sound, Detective Tracy Crosswhite finds herself with a tough case to untangle. Before they can identify the killer, Tracy and her colleagues on the Seattle PD's Violent Crimes Section must figure out who the victim is. Her autopsy, however, reveals she may have gone to great lengths to conceal her identity. So who was she running from? After evidence surfaces that their Jane Doe may be a woman who suspiciously disappeared months earlier, Tracy is once again haunted by the memory of her sister's unsolved murder. Dredging up details from the woman's past leads to conflicting clues that only seem to muddy the investigation. As Tracy begins to uncover a twisted tale of brutal betrayal and desperate greed, she'll find herself risking everything to confront a killer who won't go down without a deadly fight."-- Amazon.com.

Record details

  • ISBN: 9781683245698
  • ISBN: 1683245695
  • Physical Description: 519 pages (large print) ; 23 cm.
  • Edition: Center Point Large Print edition.
  • Publisher: Thorndike, Maine : Center Point Large Print, ©2017.

Content descriptions

General Note:
Originally published: Amazon Publishing, 2017.
Subject: Women detectives > Fiction.
Murder > Investigation > Fiction.
Missing persons > Fiction.
Puget Sound (Wash.) > Fiction.
Genre: Large type books.
Detective and mystery fiction.

Available copies

  • 1 of 1 copy available at scottsboropl.

Holds

  • 0 current holds with 1 total copy.
Show Only Available Copies
Location Call Number / Copy Notes Barcode Shelving Location Status Due Date
scottsboropl F Dug 32269001029621 Adult - Fiction Available -

LDR 02377nam a2200421 i 4500
001144788
003CONS
00520171107063751.0
008170925t20172017meu d 000 1 eng
010 . ‡a 2017035897
020 . ‡a9781683245698 ‡q(large print : hardcover)
020 . ‡a1683245695 ‡q(large print : hardcover)
035 . ‡a(CPomAG)LMN602361
043 . ‡an-us-wa
05000. ‡aPS3604.U385 ‡bT73 2017b
08200. ‡a813/.6 ‡223
1001 . ‡aDugoni, Robert, ‡eauthor.
24514. ‡aThe trapped girl / ‡cRobert Dugoni.
250 . ‡aCenter Point Large Print edition.
264 1. ‡aThorndike, Maine : ‡bCenter Point Large Print, ‡c©2017.
300 . ‡a519 pages (large print) ; ‡c23 cm.
336 . ‡atext ‡btxt ‡2rdacontent
337 . ‡aunmediated ‡bn ‡2rdamedia
338 . ‡avolume ‡bnc ‡2rdacarrier
340 . ‡nlarge print ‡2rda
4901 . ‡aTracy Crosswhite series ; ‡v4.
500 . ‡aOriginally published: Amazon Publishing, 2017.
520 . ‡a"When a woman's body is discovered submerged in a crab pot in the chilly waters of Puget Sound, Detective Tracy Crosswhite finds herself with a tough case to untangle. Before they can identify the killer, Tracy and her colleagues on the Seattle PD's Violent Crimes Section must figure out who the victim is. Her autopsy, however, reveals she may have gone to great lengths to conceal her identity. So who was she running from? After evidence surfaces that their Jane Doe may be a woman who suspiciously disappeared months earlier, Tracy is once again haunted by the memory of her sister's unsolved murder. Dredging up details from the woman's past leads to conflicting clues that only seem to muddy the investigation. As Tracy begins to uncover a twisted tale of brutal betrayal and desperate greed, she'll find herself risking everything to confront a killer who won't go down without a deadly fight."-- ‡cAmazon.com.
650 0. ‡aWomen detectives ‡vFiction.
650 0. ‡aMurder ‡xInvestigation ‡vFiction.
650 0. ‡aMissing persons ‡vFiction.
651 0. ‡aPuget Sound (Wash.) ‡vFiction.
655 0. ‡aLarge type books.
655 7. ‡aDetective and mystery fiction. ‡2lcgft
8001 . ‡aDugoni, Robert. ‡tTracy Crosswhite series ; ‡v4.
914 . ‡aSCP_kt
959 . ‡i32269001029621 ‡lF Dug ‡aAdult - Fiction ‡tFiction ‡g39.00
852 . ‡p32269001029621 ‡jF Dug ‡gAdult - Fiction ‡cFiction ‡y39.00 ‡bSBPL
901 . ‡a144788 ‡bUnknown ‡c144788 ‡tbiblio

Additional Resources